Житие Кириака отшельника : (Record no. 399292)
[ view plain ]
| 000 -LEADER | |
|---|---|
| fixed length control field | 00733nam a22001937a 4500 |
| 003 - CONTROL NUMBER IDENTIFIER | |
| control field | AM-YeHGA |
| 005 - DATE AND TIME OF LATEST TRANSACTION | |
| control field | 20250617153836.0 |
| 008 - FIXED-LENGTH DATA ELEMENTS--GENERAL INFORMATION | |
| fixed length control field | 180206s xxu||||| |||| 00| 0 rus d |
| 040 ## - CATALOGING SOURCE | |
| Original cataloging agency | AM-YeHGA |
| 041 0# - LANGUAGE CODE | |
| Language code of text/sound track or separate title | rus |
| 090 ## - LOCALLY ASSIGNED LC-TYPE CALL NUMBER (OCLC); LOCAL CALL NUMBER (RLIN) | |
| -- | 401444 |
| 100 1# - MAIN ENTRY--PERSONAL NAME | |
| Personal name | Помяловский, Иван Васильевич |
| 245 10 - TITLE STATEMENT | |
| Title | Житие Кириака отшельника : |
| Remainder of title | По рукописи Казанской духовной академии № 924 / |
| Statement of responsibility, etc. | Сообщил И. Помяловский. |
| 260 ## - PUBLICATION, DISTRIBUTION, ETC. | |
| Place of publication, distribution, etc. | Санкт-Петербург : |
| Name of publisher, distributor, etc. | ОЛДП, |
| Date of publication, distribution, etc. | [1891]. |
| 300 ## - PHYSICAL DESCRIPTION | |
| Extent | 15 с. |
| 600 04 - SUBJECT ADDED ENTRY--PERSONAL NAME | |
| Personal name | Кириак |
| Titles and other words associated with a name | (отшельник Палестинский) |
| Dates associated with a name | 449-557 |
| 653 0# - INDEX TERM--UNCONTROLLED | |
| Uncontrolled term | Жития святых |
| 942 ## - ADDED ENTRY ELEMENTS (KOHA) | |
| Source of classification or shelving scheme | Universal Decimal Classification |
| Koha item type | Գրքեր / Books |
| Withdrawn status | Lost status | Source of classification or shelving scheme | Damaged status | Not for loan | Collection | Home library | Current library | Date acquired | Total checkouts | Full call number | Barcode | Date last seen | Price effective from | Koha item type | Public note |
|---|---|---|---|---|---|---|---|---|---|---|---|---|---|---|---|
| Universal Decimal Classification | General | Fundamental Scientific Library | Fundamental Scientific Library | 06/02/2018 | PIII/13436 | FL0477385 | 06/02/2018 | 06/02/2018 | Գրքեր / Books | 30 Days Loan |
ՀՀ Գիտությունների ազգային ակադեմիայի հիմնարար գիտական գրադարան = Fundamental Scientific Library of NAS RA
All site content, except where otherwise noted, is licensed under a